MARC

LEADER 00000nam0a2200000 4500
001 170183
005 20231031163643.0
035 |a (RuTPU)RU\TPU\book\184565 
090 |a 170183 
100 |a 20091120d1966 m y0rusy50 ca 
101 0 |a rus 
102 |a UA 
105 |a a z 001zy 
200 1 |a Органические вещества в природной воде и методы их удаления  |f М. А. Шевченко  |g Академия наук Украинской ССР (АН УССР), Институт общей и неорганической химии 
210 |a Киев  |c Наукова думка  |d 1966 
215 |a 204 с.  |c черт. 
320 |a Библиогр. в конце гл. 
610 1 |a органические вещества 
610 1 |a природная вода 
610 1 |a источники 
610 1 |a характеристика 
610 1 |a окислители 
610 1 |a адсорбция 
610 1 |a обесцвечивание 
610 1 |a дезодорация 
675 |a 663.6  |v 3 
700 1 |a Шевченко  |b М. А.  |g Марина Александровна 
712 0 2 |a Академия наук Украинской ССР (АН УССР)  |b Институт общей и неорганической химии  |2 stltpush  |3 (RuTPU)RU\TPU\col\11826 
801 1 |a RU  |b 63413507  |c 20091120 
801 2 |a RU  |b 63413507  |c 20100630  |g RCR 
942 |c BK